ARRUPE JESUIT UNIVERSITY

CORONAVIRUS -STOP THE SPREAD - CLEAN,DISINFECT,COVER

The elements of moral theology. (Record no. 121067)

MARC details
000 -LEADER
fixed length control field 00632cam a2200229I 4500
001 - CONTROL NUMBER
control field 4614217
003 - CONTROL NUMBER IDENTIFIER
control field ARRUPE
005 - DATE AND TIME OF LATEST TRANSACTION
control field 20141002172958.0
008 - FIXED-LENGTH DATA ELEMENTS--GENERAL INFORMATION
fixed length control field 800109s1947 enk 000 0 eng c
010 ## - LIBRARY OF CONGRESS CONTROL NUMBER
LC control number a 50006765
035 ## - SYSTEM CONTROL NUMBER
System control number (OCoLC)ocm05857233
035 ## - SYSTEM CONTROL NUMBER
System control number (NNC)4614217
040 ## - CATALOGING SOURCE
Original cataloging agency NDD
Transcribing agency IDJ
Modifying agency OCL
098 ## - OTHER CLASSIFICATION SCHEMES (OCLC)
Call number based on other classification scheme QZ5
300 ## - PHYSICAL DESCRIPTION
Dimensions 22 cm.
100 1# - MAIN ENTRY--PERSONAL NAME
Personal name Mortimer, R. C.
Fuller form of name (Robert Cecil),
Dates associated with a name 1902-1976.
9 (RLIN) 12022
245 14 - TITLE STATEMENT
Title The elements of moral theology.
260 ## - PUBLICATION, DISTRIBUTION, ETC. (IMPRINT)
Place of publication, distribution, etc London,
Name of publisher, distributor, etc A. and C. Black,
Date of publication, distribution, etc 1947.
300 ## - PHYSICAL DESCRIPTION
Extent vi, 236 p.,
650 #0 - SUBJECT ADDED ENTRY--TOPICAL TERM
Topical term or geographic name as entry element Christian ethics
General subdivision Anglican authors.
9 (RLIN) 12023
942 ## - ADDED ENTRY ELEMENTS (KOHA)
Source of classification or shelving scheme Library of Congress Classification
Koha item type Monograph ( Printed materials)
Holdings
Withdrawn status Lost status Source of classification or shelving scheme Damaged status Not for loan Collection code Home library Current library Shelving location Date acquired Total Checkouts Full call number Barcode Date last seen Price effective from Koha item type
    Library of Congress Classification     Main Collection ARRUPE LIBRARY ARRUPE LIBRARY Main Collection 02/10/2014   BV4612.M6 46500003845 24/01/2017 02/10/2014 Monograph ( Printed materials)

 

Arrupe Library. PO Box MP320 Mt Pleasant, Harare, Zimbabwe
263 242 745411|librarian@aju.ac.zw